000 00644nam a2200241Ia 4500
003 OSt
005 20221005131301.0
006 a|||||r|||| 00| 0
007 ta
008 221004b |||||||| |||| 00| 0 san d
024 _a61344
037 _cTextual
040 _aCRL
_cCRL
_bsan
041 _2san
_asan
082 _aR66xJ50:2, 15E6
100 _aDikshit Appaya
245 0 _aSiddhanta lesha sangraha with the comm. 'Kdrishnalankara' by Krishnananda Tirtha
260 _c1916
300 _avp
_ccm.
650 _aPHILOSOPHY
942 _hR66xJ50:2, 15E6
_cTEXL
_2cc
999 _c1059856
_d1059856